Cities that End in Y by Clue - Statistics

General Stats
  • This quiz has been taken 41 times
  • The average score is 8 of 20
Answer Stats
Clue City % Correct
Site of a famous Australian opera house Sydney
97%
Winter Olympic venue in Alberta, Canada Calgary
92%
Catholic city-state Vatican City
86%
The New York state capital Albany
84%
Kazakh city formerly known as Alma-Ata Almaty
81%
Central American inland capital Guatemala City
59%
American football hotbed in Wisconsin Green Bay
57%
The capital of a small Middle Eastern nation Kuwait City
54%
Epicentre of the Chechen War against Russia in the 1990s Grozny
46%
Welsh town just north of Cardiff, known for its cheese Caerphilly
32%
Renfrewshire town which gave its name to a pear-shaped fabric pattern Paisley
30%
County town in south-eastern Ireland Kilkenny
24%
Popular surfing spot in Cornwall Newquay
24%
Fruity-sounding Indian city, forming its own Union Territory, mentioned in Life of Pi Pondicherry
24%
Town beside Watford, in the Hertsmere borough of Hertfordshire Bushey
14%
Hungary's oldest city, near the Austrian border Szombathely
11%
Western Parisian suburb in the same commune as Rocquencourt Le Chesnay
3%
Suburb to the north of Paris in Val d'Oise Montmorency
3%
City in Belarus between Minsk and Brest Baranavichy
0%
Modern town based around the train industry in Bongaigaon, Assam, India New Bongaigaon Railway Colony
0%
No matching quizzes found
Score Distribution
Percent of People with Each Score
Percentile by Number Answered
Your Score History
You have not taken this quiz